[Event "Hessenliga 0203"]
[Site "Germany"]
[Date "2002.12.01"]
[Round "4.1"]
[White "Heiling, Thomas"]
[Black "Kargoll, Herbert"]
[Result "0-1"]
[WhiteElo "2217"]
[BlackElo "2219"]
[PlyCount "96"]
[EventDate "2002.10.??"]
[EventType "team-tourn"]
[EventRounds "9"]
[EventCountry "GER"]
[SourceTitle "EXT 2004"]
[Source "ChessBase"]
[SourceDate "2003.11.25"]
[SourceVersion "1"]
[SourceVersionDate "2003.11.25"]
[SourceQuality "1"]
[WhiteTeam "Marburg"]
[BlackTeam "Bensheim"]
[WhiteTeamCountry "GER"]
[BlackTeamCountry "GER"]

1. d4 Nf6 2. Nf3 b6 3. c4 e6 4. g3 Bb7 5. Bg2 d5 6. 0-0 Be7 7. Nc3 0-0 8. Ne5 Na6 9. Bg5 c5 10. Rc1 h6 11. Bf4 cxd4 12. Qxd4 g5 13. cxd5 exd5 14. Bd2 Bc5 15. Qa4 Qe8 16. Qxe8 Rfxe8 17. Nd3 Bf8 18. Rfd1 Rad8 19. a3 Nc5 20. Nxc5 bxc5 21. e3 Ba6 22. Na4 Bc4 23. Ba5 Rc8 24. Nc3 Bb3 25. Rd2 Re5 26. Nb5 Ne4 27. Bxe4 Rxe4 28. Nxa7 Ra8 29. Bb6 Re6 30. Bxc5 Bxc5 31. Rxc5 Rxa7 32. Rb5 Ba2 33. Rb8+ Kg7 34. Rb4 Re4 35. Rb6 Rc4 36. f4 f6 37. Kf2 Rac7 38. b3 Rc2 39. Ke2 Rxd2+ 40. Kxd2 Bb1 41. Rd6 Be4 42. fxg5 hxg5 43. h4 gxh4 44. gxh4 Rc2+ 45. Kd1 Rc3 46. h5 Rxb3 47. h6+ Kxh6 48. Rxf6+ Kg5 0-1

[Event "Hessenliga 0203"]
[Site "Germany"]
[Date "2002.10.27"]
[Round "2.1"]
[White "Kargoll, Herbert"]
[Black "Legde, Georg"]
[Result "0-1"]
[WhiteElo "2219"]
[BlackElo "2314"]
[PlyCount "80"]
[EventDate "2002.10.??"]
[EventType "team-tourn"]
[EventRounds "9"]
[EventCountry "GER"]
[SourceTitle "EXT 2004"]
[Source "ChessBase"]
[SourceDate "2003.11.25"]
[SourceVersion "1"]
[SourceVersionDate "2003.11.25"]
[SourceQuality "1"]
[WhiteTeam "Bensheim"]
[BlackTeam "Giessen"]
[WhiteTeamCountry "GER"]
[BlackTeamCountry "GER"]

1. e4 c5 2. Nf3 e6 3. b3 d6 4. Bb5+ Nd7 5. 0-0 Ngf6 6. e5 dxe5 7. Nxe5 Be7 8. f4 0-0 9. Bb2 Qb6 10. Bc4 Qc7 11. Qe2 Nb6 12. Bd3 Nbd5 13. a3 Ne8 14. c4 Ndf6 15. Nc3 Nd6 16. Rae1 b6 17. Rf3 Bb7 18. Rh3 Nf5 19. Nb5 Qc8 20. g4 a6 21. gxf5 axb5 22. cxb5 exf5 23. Nc4 Bd8 24. Nd6 Qd7 25. Nxb7 Qxb7 26. Bxf5 g6 27. Bd3 Qd7 28. Re3 Nd5 29. Re8 Bh4 30. Rxf8+ Rxf8 31. Rf1 Re8 32. Qf3 Bf6 33. Bxf6 Nxf6 34. f5 Qd4+ 35. Kh1 Kg7 36. fxg6 hxg6 37. Qxf6+ Qxf6 38. Rxf6 Kxf6 39. Kg2 Rd8 40. Bc4 Rxd2+ 0-1